| 000 | 00581nam a2200157 a 4500 | ||
|---|---|---|---|
| 008 | 071003s1999 ||||||||||||||||| || u | ||
| 050 | _aHG 4026 Mwe | ||
| 100 | _aMwenda, Kenneth Kaoma | ||
| 245 | 1 | 0 | _aLegal aspects of corporate capital and finance |
| 260 |
_aWashington, D. C. _bPenn Press _c1999 |
||
| 300 | _axiii, 160p.:ill. | ||
| 350 | _a0.00 | ||
| 650 | _aCORPORATE CAPITAL | ||
| 650 | 0 | _aFINANCE--DEVELOPING COUNTRIES | |
| 995 |
_D0.00 _FCBU-MAIN LIBRARY (Kitwe) _H1 _I0.00 _M1 _UAVAILABLE _WOct 3, 2007 _ZZambiana Collection |
||
| 999 |
_c49066 _d49066 |
||